LEADER 01588nam--2200409---450- 001 990002742660203316 005 20090519150730.0 010 $a88-387-3244-2 035 $a000274266 035 $aUSA01000274266 035 $a(ALEPH)000274266USA01 035 $a000274266 100 $a20060519d2006----km-y0itay50------ba 101 $aita 102 $aIT 105 $a||||||||001yy 200 1 $aDiritto penale della circolazione stradale$el'omicidio colposo e le lesioni personali colpose da sinistro, i reati nel codice della strada, le sanzioni accessorie a reati, le misure cautelari collegate, le impugnazioni, chemi e tabelle, rassegne giurisprudenziali mirate$fNicola Fabio De Feo 205 $a2. ed. interamente riv. ed aggiornata con il d.lgs 40/2006 e con la legge 102/2006 210 $aSantarcangelo di Romagna$cMaggioli$d2006 215 $a285 p.$d24 cm$e1 CD-ROM 225 2 $aLegalePenale$v19 410 0$12001$aLegalePenale$v19 606 0 $aCircolazione stradale$xInfrazione 676 $a345.450247 700 1$aDE FEO,$bNicola Fabio$0542320 801 0$aIT$bsalbc$gISBD 912 $a990002742660203316 951 $aXXVI.1.C 391 (IG XI 854 A)$b50631 G.$cXXVI.1.C 391 (IG XI)$d00178752 959 $aBK 969 $aGIU 979 $aRENATO$b90$c20060519$lUSA01$h1114 979 $aCHIARA$b90$c20080424$lUSA01$h1005 979 $aRSIAV1$b90$c20090519$lUSA01$h1507 979 $aCHIARA$b90$c20140926$lUSA01$h1509 979 $aCHIARA$b90$c20151215$lUSA01$h1426 996 $aDiritto penale della circolazione stradale$9985954 997 $aUNISA